[Event "64 Villalba CC op 10th"]
[Site "Collado Villalba ESP"]
[Date "2025.08.11"]
[Round "8.16"]
[White "Del Olmo Linares, Marco"]
[Black "Mi, Mengma"]
[Result "1-0"]
[WhiteElo "1766"]
[BlackElo "1542"]
[WhiteFideId "-1"]
[BlackFideId "-1"]
[PlyCount "221"]
[GameId "2252797483711154"]
[EventDate "2025.08.04"]
[EventType "swiss"]
[EventRounds "9"]
[EventCountry "ESP"]
[SourceTitle "Ajedrez en Madrid"]
[Source "lmi"]
[SourceDate "2025.08.04"]
[SourceVersion "1"]
[SourceVersionDate "2025.12.11"]
[SourceQuality "1"]

1. d4 Nf6 2. c4 c5 3. d5 e6 4. Nc3 exd5 5. cxd5 d6 6. Nf3 g6 7. e4 Bg7 8. Bd3 O-O 9. O-O Re8 10. Re1 Bg4 11. Bc2 Nbd7 12. h3 Bxf3 13. Qxf3 Ne5 14. Qe2 Ned7 15. Qb5 Nb6 16. Bf4 a6 17. Qe2 Nbxd5 18. Bg5 Nxc3 19. bxc3 h6 20. Bh4 g5 21. Bg3 d5 22. e5 Nd7 23. Qd3 Nxe5 24. Bxe5 Rxe5 25. Rxe5 Bxe5 26. Qh7+ Kf8 27. Re1 Qf6 28. Re3 Qg7 29. Qf5 Bxc3 30. Qxd5 Kg8 31. Qxb7 Rd8 32. Qc7 Bf6 33. Qxc5 Bd4 34. Qc7 Qf6 35. Rf3 Bb6 36. Rxf6 Bxc7 37. Bb3 Rd7 38. Rxh6 Re7 39. Kf1 Ba5 40. g3 Re1+ 41. Kg2 Re2 42. Rxa6 Be1 43. Rf6 Re7 44. Rg6+ Kf8 45. Rxg5 Re2 46. Rf5 Re7 47. g4 Kg7 48. h4 f6 49. Kf3 Rd7 50. Bc4 Rd2 51. Ke3 Rc2 52. Bb3 Bd2+ 53. Kd3 Rb2 54. Rb5 Be1 55. Rb7+ Kh6 56. f3 Bxh4 57. Rb8 Kg5 58. Rh8 Be1 59. Rh5+ Kg6 60. Bd5 Rd2+ 61. Ke3 Rg2 62. Be4+ Kg7 63. Bd5 Bd2+ 64. Ke4 Bg5 65. Bb3 Re2+ 66. Kd3 Rd2+ 67. Kc3 Rf2 68. Bd5 Bd2+ 69. Kb3 Bc1 70. a4 Rb2+ 71. Kc3 Re2 72. Be4 Bh6 73. Rd5 Re3+ 74. Kc4 Re1 75. a5 Rc1+ 76. Kb5 Rc8 77. Rd7+ Kf8 78. Rh7 Rb8+ 79. Ka6 Bg7 80. Ka7 Re8 81. a6 Re7+ 82. Bb7 f5 83. Rxg7 Rxg7 84. Kb8 Rg8 85. a7 fxg4 86. a8=Q Ke7+ 87. Bc8 g3 88. Qa3+ Kf6 89. Qd6+ Kf7 90. Qe6+ Kg7 91. Qg4+ Kf8 92. Qf5+ Kg7 93. Qh3 Kf8 94. Qh6+ Ke8 95. Qe6+ Kf8 96. Qf6+ Ke8 97. Be6 Rf8 98. Bd7+ Kxd7+ 99. Qxf8 g2 100. Qg7+ Kc6 101. Qxg2 Kd5 102. Qg5+ Ke6 103. Kc7 Kf7 104. Qh6 Kg8 105. Kc6 Kf7 106. Kd5 Kg8 107. Qf6 Kh7 108. Qg5 Kh8 109. Ke6 Kh7 110. Kf6 Kh8 111. Qg7# 1-0

[Event "64 Villalba CC op 10th"]
[Site "Collado Villalba ESP"]
[Date "2025.08.11"]
[Round "8.19"]
[White "Anton Sanz, Jose Carlos"]
[Black "Hewitt Alonso, Lucas"]
[Result "1-0"]
[WhiteElo "1625"]
[BlackElo "1475"]
[WhiteFideId "-1"]
[BlackFideId "-1"]
[PlyCount "58"]
[GameId "2252810746149615"]
[EventDate "2025.08.04"]
[EventType "swiss"]
[EventRounds "9"]
[EventCountry "ESP"]
[SourceTitle "Ajedrez en Madrid"]
[Source "lmi"]
[SourceDate "2025.08.04"]
[SourceVersion "1"]
[SourceVersionDate "2025.12.11"]
[SourceQuality "1"]

1. d4 Nf6 2. Nf3 d5 3. e3 g6 4. c4 e6 5. Nc3 Bg7 6. Be2 O-O 7. O-O b6 8. h3 Bb7 9. b3 Nc6 10. Bb2 Qd7 11. Qd2 Rfe8 12. Na4 Ne4 13. Qc2 Rad8 14. c5 f6 15. a3 e5 16. Bb5 Nb4 17. Bxd7 Nxc2 18. Rac1 Rxd7 19. Rxc2 Re6 20. Rfc1 Rc6 21. dxe5 fxe5 22. Bxe5 Bxe5 23. Nxe5 Re7 24. Nxc6 Bxc6 25. cxb6 Bxa4 26. bxa4 axb6 27. Rxc7 Rxc7 28. Rxc7 Nc5 29. a5 Na6 1-0

[Event "64 Villalba CC op 10th"]
[Site "Collado Villalba ESP"]
[Date "2025.08.11"]
[Round "8.20"]
[White "Lopez Pereira, Irene"]
[Black "Forteza Ribot, Juan"]
[Result "0-1"]
[WhiteElo "1507"]
[BlackElo "1633"]
[WhiteFideId "-1"]
[BlackFideId "-1"]
[PlyCount "100"]
[GameId "2252822205913859"]
[EventDate "2025.08.04"]
[EventType "swiss"]
[EventRounds "9"]
[EventCountry "ESP"]
[SourceTitle "Ajedrez en Madrid"]
[Source "lmi"]
[SourceDate "2025.08.04"]
[SourceVersion "1"]
[SourceVersionDate "2025.12.11"]
[SourceQuality "1"]

1. e4 c5 2. Nf3 e6 3. d4 cxd4 4. Nxd4 Nc6 5. Nc3 Bc5 6. Be3 Qb6 7. Ncb5 a6 8. Nxc6 Bxe3 9. Ncd4 Bxf2+ 10. Kxf2 axb5 11. Bxb5 e5 12. Rf1 Qxd4+ 13. Qxd4 exd4 14. Bc4 Ne7 15. Rad1 Nc6 16. Kg1 O-O 17. Rd2 d6 18. a3 Be6 19. Bb5 d5 20. exd5 Bxd5 21. Rf5 Be6 22. Rc5 Rfd8 23. Bxc6 bxc6 24. Rxc6 Rac8 25. Rxc8 Bxc8 26. c3 d3 27. Kf1 Bg4 28. h3 Be2+ 29. Kf2 Rd6 30. Ke3 Kf8 31. g3 Ke7 32. Ke4 Kd7 33. Ke5 Kc6 34. Ke4 Kc5 35. b3 Bh5 36. g4 Bg6+ 37. Ke3 Re6+ 38. Kf4 Re2 39. b4+ Kc4 40. Rxd3 Bxd3 41. a4 Kxc3 42. b5 Kb4 43. b6 Ba6 44. h4 Kxa4 45. h5 Kb5 46. Kf5 Kxb6 47. g5 Bc8+ 48. Kf4 Rh2 49. Kg3 Rxh5 50. Kf4 Kc5 0-1

[Event "64 Villalba CC op 10th"]
[Site "Collado Villalba ESP"]
[Date "2025.08.12"]
[Round "9.2"]
[White "Roa Alonso, Santiago"]
[Black "Lorenzo Martin, Hector"]
[Result "1/2-1/2"]
[WhiteElo "2349"]
[BlackElo "1930"]
[WhiteFideId "-1"]
[BlackFideId "-1"]
[PlyCount "22"]
[GameId "2210538189058273"]
[EventDate "2025.08.04"]
[EventType "swiss"]
[EventRounds "9"]
[EventCountry "ESP"]
[SourceTitle "Ajedrez en Madrid"]
[Source "lmi"]
[SourceDate "2025.08.04"]
[SourceVersion "1"]
[SourceVersionDate "2025.12.11"]
[SourceQuality "1"]

1. e4 e6 2. d4 d5 3. Nc3 dxe4 4. Nxe4 Nd7 5. Nf3 Ngf6 6. Nxf6+ Nxf6 7. Bd3 c5 8. dxc5 Bxc5 9. O-O O-O 10. Qe2 Bd7 11. Ne5 Qc7 1/2-1/2

[Event "64 Villalba CC op 10th"]
[Site "Collado Villalba ESP"]
[Date "2025.08.12"]
[Round "9.3"]
[White "Torres Torres, George Maycol"]
[Black "Martinez Fernandez, Raul"]
[Result "0-1"]
[WhiteElo "1919"]
[BlackElo "2233"]
[WhiteFideId "-1"]
[BlackFideId "-1"]
[PlyCount "80"]
[GameId "2252837066158262"]
[EventDate "2025.08.04"]
[EventType "swiss"]
[EventRounds "9"]
[EventCountry "ESP"]
[SourceTitle "Ajedrez en Madrid"]
[Source "lmi"]
[SourceDate "2025.08.04"]
[SourceVersion "1"]
[SourceVersionDate "2025.12.11"]
[SourceQuality "1"]

1. e4 e5 2. Nf3 Nc6 3. Bc4 Nf6 4. Nc3 Nxe4 5. Nxe4 d5 6. Bxd5 Qxd5 7. Nc3 Qd8 8. h3 Be7 9. d3 Be6 10. Bd2 Qd7 11. Ng5 Bf5 12. Nf3 O-O-O 13. Ne4 Bg6 14. Bc3 f5 15. Ng3 Qd5 16. Qe2 Rhe8 17. O-O f4 18. Ne4 Bh5 19. Ned2 Bf6 20. Qe4 Qf7 21. g4 Bg6 22. Qe1 Qd7 23. Kh2 h5 24. g5 Be7 25. h4 Bd6 26. Rg1 Bf5 27. Ne4 Bf8 28. Nfd2 f3 29. Nxf3 Nd4 30. Nxd4 exd4 31. Bd2 Qc6 32. Qd1 Bxe4 33. dxe4 Rxe4 34. f4 Bd6 35. Kg3 Rf8 36. Rf1 Qc4 37. b3 Qf7 38. Qf3 Rfe8 39. Kg2 Qf5 40. Rf2 Re3 0-1

[Event "64 Villalba CC op 10th"]
[Site "Collado Villalba ESP"]
[Date "2025.08.12"]
[Round "9.4"]
[White "Suarez Paz, Alfonso"]
[Black "Elissalt Cardenas, Hector"]
[Result "0-1"]
[WhiteElo "1815"]
[BlackElo "2310"]
[WhiteFideId "-1"]
[BlackFideId "-1"]
[PlyCount "48"]
[GameId "2252838749397242"]
[EventDate "2025.08.04"]
[EventType "swiss"]
[EventRounds "9"]
[EventCountry "ESP"]
[SourceTitle "Ajedrez en Madrid"]
[Source "lmi"]
[SourceDate "2025.08.04"]
[SourceVersion "1"]
[SourceVersionDate "2025.12.11"]
[SourceQuality "1"]

1. e4 d6 2. d4 Nf6 3. f3 e6 4. Bd3 d5 5. Bg5 h6 6. Bh4 Be7 7. Bg3 c5 8. c3 Nc6 9. Ne2 O-O 10. Nd2 dxe4 11. Nxe4 cxd4 12. cxd4 Nxd4 13. N4c3 Nxe2 14. Bxe2 Bd7 15. Bf2 Bc6 16. O-O Qa5 17. a3 Rfd8 18. Qe1 a6 19. b4 Qh5 20. Bg3 Nd5 21. Nxd5 Qxd5 22. Rc1 Qa2 23. Ra1 Qb2 24. Bc4 Qd4+ 0-1

[Event "64 Villalba CC op 10th"]
[Site "Collado Villalba ESP"]
[Date "2025.08.12"]
[Round "9.5"]
[White "Centeno Mendoza, Julio Stefano"]
[Black "Alvarez Guerrero, Dylan"]
[Result "1-0"]
[WhiteElo "2118"]
[BlackElo "1800"]
[WhiteFideId "-1"]
[BlackFideId "-1"]
[PlyCount "51"]
[GameId "2252839483769097"]
[EventDate "2025.08.04"]
[EventType "swiss"]
[EventRounds "9"]
[EventCountry "ESP"]
[SourceTitle "Ajedrez en Madrid"]
[Source "lmi"]
[SourceDate "2025.08.04"]
[SourceVersion "1"]
[SourceVersionDate "2025.12.11"]
[SourceQuality "1"]

1. e4 d6 2. d4 Nf6 3. Nc3 g6 4. f4 Bg7 5. Nf3 O-O 6. Bd3 Nfd7 7. O-O c5 8. d5 a6 9. a4 Re8 10. Ne2 Qc7 11. c4 e6 12. f5 exf5 13. exf5 Ne5 14. Nxe5 Bxe5 15. fxg6 hxg6 16. Nf4 Kg7 17. Nh5+ gxh5 18. Qd2 Rh8 19. Qg5+ Kf8 20. Bg6 f6 21. Rxf6+ Bxf6 22. Qxf6+ Kg8 23. Bh6 Rxh6 24. Rf1 Bf5 25. Rxf5 Nc6 26. Rg5 1-0

[Event "64 Villalba CC op 10th"]
[Site "Collado Villalba ESP"]
[Date "2025.08.12"]
[Round "9.6"]
[White "Blanco Barrios, Aitana"]
[Black "Pastor Alonso De Prado, Alberto"]
[Result "0-1"]
[WhiteElo "1893"]
[BlackElo "2003"]
[WhiteFideId "-1"]
[BlackFideId "-1"]
[PlyCount "76"]
[GameId "2215605081891215"]
[EventDate "2025.08.04"]
[EventType "swiss"]
[EventRounds "9"]
[EventCountry "ESP"]
[SourceTitle "Ajedrez en Madrid"]
[Source "lmi"]
[SourceDate "2025.08.04"]
[SourceVersion "1"]
[SourceVersionDate "2025.12.11"]
[SourceQuality "1"]

1. e4 c6 2. d4 d5 3. Nc3 dxe4 4. Nxe4 Nf6 5. Nxf6+ exf6 6. c3 Bd6 7. Bd3 O-O 8. Qc2 Re8+ 9. Ne2 h5 10. O-O h4 11. h3 Nd7 12. Bd2 Nf8 13. Rae1 Bc7 14. f4 Qd6 15. f5 g5 16. c4 c5 17. d5 b5 18. cxb5 Bb7 19. Bc4 Nd7 20. Qc1 Ne5 21. b3 Bxd5 22. Bxd5 Qxd5 23. Bxg5 fxg5 24. Qxg5+ Kf8 25. Qh6+ Ke7 26. f6+ Kd7 27. Rd1 Nd3 28. Qd2 Bd6 29. Qxd3 Qxd3 30. Rxd3 Rxe2 31. Rfd1 Re6 32. Rc1 Rc8 33. Rc4 Rxf6 34. Rxh4 Re8 35. Rd1 Re2 36. Ra4 Rff2 37. Rxa7+ Ke6 38. Ra6 Rxg2+ 0-1

[Event "64 Villalba CC op 10th"]
[Site "Collado Villalba ESP"]
[Date "2025.08.12"]
[Round "9.7"]
[White "Alvarez Lee, Felix"]
[Black "Barahona Torrijos, Angel"]
[Result "1-0"]
[WhiteElo "1967"]
[BlackElo "1841"]
[WhiteFideId "-1"]
[BlackFideId "-1"]
[PlyCount "50"]
[GameId "2252855272374555"]
[EventDate "2025.08.04"]
[EventType "swiss"]
[EventRounds "9"]
[EventCountry "ESP"]
[SourceTitle "Ajedrez en Madrid"]
[Source "lmi"]
[SourceDate "2025.08.04"]
[SourceVersion "1"]
[SourceVersionDate "2025.12.11"]
[SourceQuality "1"]

1. d4 Nf6 2. c4 e6 3. Nc3 d5 4. Nf3 c5 5. cxd5 Nxd5 6. e4 Nxc3 7. bxc3 cxd4 8. cxd4 Bb4+ 9. Bd2 Bxd2+ 10. Qxd2 O-O 11. Be2 b6 12. O-O Bb7 13. Qf4 Nc6 14. Rfd1 Rc8 15. Rac1 Qe7 16. h4 h6 17. g4 Qf6 18. Qg3 Nb4 19. g5 hxg5 20. hxg5 Qe7 21. Qh4 Nxa2 22. Rxc8 Rxc8 23. Kg2 Nc3 24. Rh1 f5 25. Qh8+ Kf7 1-0

[Event "64 Villalba CC op 10th"]
[Site "Collado Villalba ESP"]
[Date "2025.08.12"]
[Round "9.8"]
[White "Rodriguez Del Pino, Daniel"]
[Black "Palomino Menendez, Salvador"]
[Result "0-1"]
[WhiteElo "1872"]
[BlackElo "1980"]
[WhiteFideId "-1"]
[BlackFideId "-1"]
[PlyCount "98"]
[GameId "2253059637289170"]
[EventDate "2025.08.04"]
[EventType "swiss"]
[EventRounds "9"]
[EventCountry "ESP"]
[SourceTitle "Ajedrez en Madrid"]
[Source "lmi"]
[SourceDate "2025.08.04"]
[SourceVersion "1"]
[SourceVersionDate "2025.12.11"]
[SourceQuality "1"]

1. e4 c5 2. Nf3 a6 3. c4 b6 4. Nc3 e6 5. d4 Bb7 6. Bd3 cxd4 7. Nxd4 g6 8. O-O Bg7 9. Be3 Ne7 10. f4 Nbc6 11. Nxc6 Nxc6 12. Be2 Rb8 13. Bf3 O-O 14. e5 f6 15. exf6 Bxf6 16. Ne4 Be7 17. Nd6 Ba8 18. f5 Bxd6 19. Qxd6 Rxf5 20. Rad1 Ne5 21. Be2 Rxf1+ 22. Rxf1 Nf7 23. Qf4 Qe8 24. h4 e5 25. Qg3 Qe6 26. h5 Be4 27. b3 b5 28. cxb5 axb5 29. Qh4 Bf5 30. hxg6 Bxg6 31. Bh5 Bxh5 32. Qxh5 Qg6 33. Qh4 Re8 34. Rf6 Qg7 35. Rb6 d5 36. Rxb5 d4 37. Rb4 Qg6 38. Bd2 Qf5 39. Rc4 Qd3 40. Qg4+ Qg6 41. Qd7 Rf8 42. Bb4 Rd8 43. Rc8 Rxc8 44. Qxc8+ Kg7 45. Qf8+ Kf6 46. Qe7+ Kf5 47. Qd7+ Qe6 48. g4+ Kf6 49. g5+ Nxg5 0-1

[Event "64 Villalba CC op 10th"]
[Site "Collado Villalba ESP"]
[Date "2025.08.12"]
[Round "9.9"]
[White "Rajadel Rebollido, Thalia"]
[Black "Lopez de Turiso, Jose Angel"]
[Result "0-1"]
[WhiteElo "1769"]
[BlackElo "1975"]
[WhiteFideId "-1"]
[BlackFideId "-1"]
[PlyCount "64"]
[GameId "2253077385774953"]
[EventDate "2025.08.04"]
[EventType "swiss"]
[EventRounds "9"]
[EventCountry "ESP"]
[SourceTitle "Ajedrez en Madrid"]
[Source "lmi"]
[SourceDate "2025.08.04"]
[SourceVersion "1"]
[SourceVersionDate "2025.12.11"]
[SourceQuality "1"]

1. e4 e5 2. Nf3 Nc6 3. Bb5 a6 4. Ba4 f5 5. Bxc6 dxc6 6. Nc3 Nf6 7. Qe2 Bd6 8. d3 O-O 9. exf5 Bxf5 10. Bg5 Qd7 11. Bxf6 Rxf6 12. Ne4 Rff8 13. O-O-O a5 14. h3 a4 15. g4 Bxe4 16. Qxe4 Rf4 17. Qe3 Qf7 18. Nxe5 Bxe5 19. Qxe5 Re8 20. Qc3 Qxa2 21. Qa3 Qxa3 22. bxa3 Rxf2 23. Rd2 Ree2 24. Rxe2 Rxe2 25. Rf1 b5 26. Rf5 Re6 27. Kb2 g6 28. Rf3 Kg7 29. Kc3 Rf6 30. Re3 Kf7 31. Kb4 Rf2 32. Kc3 Rf4 0-1

[Event "64 Villalba CC op 10th"]
[Site "Collado Villalba ESP"]
[Date "2025.08.12"]
[Round "9.10"]
[White "Mata Medina, Andres"]
[Black "Pan, Angel Jiaye"]
[Result "0-1"]
[WhiteElo "1870"]
[BlackElo "1634"]
[WhiteFideId "-1"]
[BlackFideId "-1"]
[PlyCount "62"]
[GameId "2210539612205295"]
[EventDate "2025.08.04"]
[EventType "swiss"]
[EventRounds "9"]
[EventCountry "ESP"]
[SourceTitle "Ajedrez en Madrid"]
[Source "lmi"]
[SourceDate "2025.08.04"]
[SourceVersion "1"]
[SourceVersionDate "2025.12.11"]
[SourceQuality "1"]

1. d4 d5 2. c4 e6 3. Nc3 c5 4. e3 Nf6 5. Nf3 Be7 6. a3 O-O 7. Be2 Nbd7 8. O-O b6 9. dxc5 Nxc5 10. cxd5 exd5 11. Nd4 Bb7 12. Bf3 Nce4 13. Bxe4 Nxe4 14. f3 Nxc3 15. bxc3 Qc7 16. Qe1 Bf6 17. Bd2 Rfe8 18. Qf2 Rac8 19. a4 Ba6 20. Rfe1 Bd3 21. Nb5 Qe7 22. Nd4 Bh4 23. g3 Bf6 24. a5 Qc5 25. axb6 axb6 26. Ra7 Qc4 27. Rea1 Bxd4 28. cxd4 b5 29. Rc1 Qxc1+ 30. Bxc1 Rxc1+ 31. Kg2 Rc2 0-1

[Event "64 Villalba CC op 10th"]
[Site "Collado Villalba ESP"]
[Date "2025.08.12"]
[Round "9.11"]
[White "De Juan Huarte, Federico"]
[Black "Martin Consuegra, Barrilero Javier"]
[Result "0-1"]
[WhiteElo "1597"]
[BlackElo "1813"]
[WhiteFideId "-1"]
[BlackFideId "-1"]
[PlyCount "24"]
[GameId "2210540332183805"]
[EventDate "2025.08.04"]
[EventType "swiss"]
[EventRounds "9"]
[EventCountry "ESP"]
[SourceTitle "Ajedrez en Madrid"]
[Source "lmi"]
[SourceDate "2025.08.04"]
[SourceVersion "1"]
[SourceVersionDate "2025.12.11"]
[SourceQuality "1"]

1. e4 d6 2. d4 Nf6 3. Nc3 e5 4. Nf3 exd4 5. Nxd4 g6 6. Bg5 Bg7 7. Qf3 c6 8. O-O-O Nbd7 9. Ndb5 cxb5 10. Bxb5 O-O 11. Rxd6 h6 12. Bxd7 hxg5 0-1

[Event "64 Villalba CC op 10th"]
[Site "Collado Villalba ESP"]
[Date "2025.08.12"]
[Round "9.12"]
[White "Yaniz Lana, Francisco Javier"]
[Black "Armesto Robledo, Sebastian Carlos"]
[Result "0-1"]
[WhiteElo "1670"]
[BlackElo "1867"]
[WhiteFideId "-1"]
[BlackFideId "-1"]
[PlyCount "114"]
[GameId "2253078614222739"]
[EventDate "2025.08.04"]
[EventType "swiss"]
[EventRounds "9"]
[EventCountry "ESP"]
[SourceTitle "Ajedrez en Madrid"]
[Source "lmi"]
[SourceDate "2025.08.04"]
[SourceVersion "1"]
[SourceVersionDate "2025.12.11"]
[SourceQuality "1"]

1. d4 Nf6 2. Nf3 e6 3. g3 c5 4. Bg2 d5 5. O-O Nbd7 6. c4 dxc4 7. dxc5 Bxc5 8. Qc2 Qc7 9. Nbd2 Nb6 10. Ne4 Nxe4 11. Qxe4 Bd6 12. Qg4 f6 13. Qh5+ Qf7 14. Qxf7+ Kxf7 15. Be3 Nd5 16. Bd2 Rb8 17. a4 Bd7 18. Rfc1 Rbc8 19. Rc2 a6 20. e4 Nb4 21. Bxb4 Bxb4 22. Rac1 c3 23. b3 e5 24. h3 Be6 25. Rb1 Ba3 26. g4 Bb2 27. Nh4 Bxb3 28. Rcxb2 cxb2 29. Rxb2 Bxa4 30. Nf5 Rhd8 31. Kh2 Bc6 32. Kg3 Rd3+ 33. Kh2 Rcd8 34. Bf1 Rd2 35. Bc4+ Kf8 36. Rb6 Rxf2+ 37. Kg3 Rc2 38. Bd5 g6 39. Ne3 Rc3 40. Kf2 Rxe3 41. Kxe3 Bxd5 42. exd5 Ke7 43. Ke4 Rd7 44. h4 a5 45. g5 fxg5 46. hxg5 a4 47. Kxe5 Kd8 48. Rf6 Kc7 49. d6+ Kc6 50. Rf1 Rxd6 51. Rc1+ Kd7 52. Rb1 Kc7 53. Rb4 Ra6 54. Kd5 a3 55. Rc4+ Kd7 56. Rf4 a2 57. Rf7+ Ke8 0-1

[Event "64 Villalba CC op 10th"]
[Site "Collado Villalba ESP"]
[Date "2025.08.12"]
[Round "9.14"]
[White "Forteza Ribot, Juan"]
[Black "Candeleda Mayoral, Ramon"]
[Result "1/2-1/2"]
[WhiteElo "1633"]
[BlackElo "1620"]
[WhiteFideId "-1"]
[BlackFideId "-1"]
[PlyCount "66"]
[GameId "2253108898904359"]
[EventDate "2025.08.04"]
[EventType "swiss"]
[EventRounds "9"]
[EventCountry "ESP"]
[SourceTitle "Ajedrez en Madrid"]
[Source "lmi"]
[SourceDate "2025.08.04"]
[SourceVersion "1"]
[SourceVersionDate "2025.12.11"]
[SourceQuality "1"]

1. d4 Nf6 2. e3 d5 3. Nd2 c5 4. c3 Nc6 5. Ngf3 Bf5 6. Qb3 Qc7 7. Bb5 e6 8. Ne5 Nd7 9. f4 c4 10. Qa4 Ncxe5 11. fxe5 Be7 12. Bxd7+ Qxd7 13. Qxd7+ Kxd7 14. O-O h5 15. e4 Bg6 16. exd5 exd5 17. Nf3 f6 18. Bf4 Be4 19. Nd2 f5 20. Nxe4 fxe4 21. Be3 Raf8 22. Rxf8 Rxf8 23. Rf1 Rxf1+ 24. Kxf1 Ke6 25. h3 Kf5 26. g3 g5 27. Ke2 g4 28. h4 b5 29. b3 cxb3 30. axb3 a5 31. Kd2 Ke6 32. Kc2 Kf5 33. Bd2 Bd8 1/2-1/2

[Event "64 Villalba CC op 10th"]
[Site "Collado Villalba ESP"]
[Date "2025.08.12"]
[Round "9.15"]
[White "Anton Sanz, Jose Carlos"]
[Black "Aguirre Vila Coro, Antonio Javier"]
[Result "1/2-1/2"]
[WhiteElo "1625"]
[BlackElo "1709"]
[WhiteFideId "-1"]
[BlackFideId "-1"]
[PlyCount "79"]
[GameId "2253299082354760"]
[EventDate "2025.08.04"]
[EventType "swiss"]
[EventRounds "9"]
[EventCountry "ESP"]
[SourceTitle "Ajedrez en Madrid"]
[Source "lmi"]
[SourceDate "2025.08.04"]
[SourceVersion "1"]
[SourceVersionDate "2025.12.11"]
[SourceQuality "1"]

1. d4 Nf6 2. Nf3 d5 3. e3 c5 4. c3 Nc6 5. Bd3 Bg4 6. Nbd2 e6 7. h3 Bh5 8. O-O Rc8 9. Re1 Bd6 10. dxc5 Bxc5 11. e4 Ne5 12. Qa4+ Ned7 13. exd5 Nxd5 14. Ne5 Rc7 15. Bb5 N5f6 16. Qf4 O-O 17. Nxd7 Nxd7 18. Nf3 Qc8 19. Be3 Nf6 20. Rad1 Nd5 21. Qg3 Nxe3 22. fxe3 Bg6 23. Kh1 a6 24. Bd3 Bxd3 25. Rxd3 Rd8 26. Red1 Rcd7 27. Ne5 Rxd3 28. Rxd3 Bd6 29. Qh4 f6 30. Nf3 Qc5 31. Qd4 Qf5 32. Qb6 Qxd3 33. Qxd8+ Kf7 34. Qd7+ Kg6 35. Qxe6 Qd1+ 36. Ng1 Bc5 37. Qe4+ Kh6 38. Qf4+ Kg6 39. Qe4+ Kh6 40. Qf4+ 1/2-1/2

[Event "64 Villalba CC op 10th"]
[Site "Collado Villalba ESP"]
[Date "2025.08.12"]
[Round "9.16"]
[White "Escribano Santiago, Ignacio"]
[Black "Dorado Gregorio, Javier"]
[Result "0-1"]
[WhiteElo "1492"]
[BlackElo "1617"]
[WhiteFideId "-1"]
[BlackFideId "-1"]
[PlyCount "60"]
[GameId "2253300864614511"]
[EventDate "2025.08.04"]
[EventType "swiss"]
[EventRounds "9"]
[EventCountry "ESP"]
[SourceTitle "Ajedrez en Madrid"]
[Source "lmi"]
[SourceDate "2025.08.04"]
[SourceVersion "1"]
[SourceVersionDate "2025.12.11"]
[SourceQuality "1"]

1. Nf3 e6 2. c4 d5 3. g3 d4 4. Bg2 c5 5. b4 d3 6. Ne5 dxe2 7. Qxe2 cxb4 8. Bb2 Nf6 9. d4 Be7 10. O-O O-O 11. Nd2 Nbd7 12. Rfd1 a5 13. a4 Nxe5 14. dxe5 Nd7 15. Nb3 Qc7 16. Kh1 Rb8 17. f4 b6 18. Nd4 Bb7 19. Bxb7 Qxb7+ 20. Qg2 Qxg2+ 21. Kxg2 Rb7 22. Nc6 Bc5 23. Bd4 Rc7 24. Bxc5 Nxc5 25. Nd4 Rd8 26. Nc6 Rxd1 27. Rxd1 Rd7 28. Ne7+ Kf8 29. Rxd7 Nxd7 30. Nc8 b3 0-1

[Event "64 Villalba CC op 10th"]
[Site "Collado Villalba ESP"]
[Date "2025.08.12"]
[Round "9.18"]
[White "Mi, Mengma"]
[Black "Lopez Pereira, Irene"]
[Result "0-1"]
[WhiteElo "1542"]
[BlackElo "1507"]
[WhiteFideId "-1"]
[BlackFideId "-1"]
[PlyCount "70"]
[GameId "2253302517706878"]
[EventDate "2025.08.04"]
[EventType "swiss"]
[EventRounds "9"]
[EventCountry "ESP"]
[SourceTitle "Ajedrez en Madrid"]
[Source "lmi"]
[SourceDate "2025.08.04"]
[SourceVersion "1"]
[SourceVersionDate "2025.12.11"]
[SourceQuality "1"]

1. e4 e5 2. Nf3 Nc6 3. Bb5 a6 4. Ba4 Nf6 5. O-O Bc5 6. Re1 b5 7. Bb3 O-O 8. c3 Re8 9. d4 Bb6 10. Ng5 d5 11. exd5 Nxd5 12. Qf3 Be6 13. Qh5 h6 14. Bc2 exd4 15. Rxe6 Rxe6 16. Qxf7+ Kh8 17. Nxe6 Qg8 18. Qg6 Re8 19. h3 Rxe6 20. Qh5 Re1+ 21. Kh2 Rxc1 22. Be4 Nf6 23. Qh4 dxc3 24. bxc3 Nd4 25. f3 Ne2 26. g4 Nxe4 27. fxe4 Nd4 28. g5 Nf3+ 29. Kg3 Nxh4 30. Kxh4 Rg1 31. g6 Qc4 32. Nd2 Qe2 33. Rf1 Bf2+ 34. Rxf2 Qxf2+ 35. Kh5 Rg5# 0-1